Mall development and operations (Record no. 80692)

MARC details
000 -LEADER
fixed length control field 00993cab a22001935a 4500
001 - CONTROL NUMBER
control field L145060
008 - FIXED-LENGTH DATA ELEMENTS--GENERAL INFORMATION
fixed length control field 080904s2008 xxk f 000 0 eng d
035 ## - SYSTEM CONTROL NUMBER
System control number (Sirsi) u145060
041 0# - LANGUAGE CODE
Language code of text/sound track or separate title eng
100 1# - MAIN ENTRY--PERSONAL NAME
Personal name Ganguli, J.
245 00 - TITLE STATEMENT
Title Mall development and operations
Remainder of title an Indian perspective
260 ## - PUBLICATION, DISTRIBUTION, ETC.
Date of publication, distribution, etc. 2008
490 ## - SERIES STATEMENT
Series statement Journal of Retail and Leisure Property
Volume/sequential designation 7(3) 2008, 204-215(12)
520 ## - SUMMARY, ETC.
Summary, etc. Looks at the growth of organised retail in India and states that the development of malls is a key factor. Study discusses analytical and financial factors to consider in the development of mall properties and makes use of interviews and secondary data in making recommendations. Investigates financing; revenue and expenditure and makes suggestions in relation to landlord and tenant relationships within malls.
590 ## - LOCAL NOTE (RLIN)
Local note KA
651 #4 - SUBJECT ADDED ENTRY--GEOGRAPHIC NAME
Geographic name Asia Pacific
690 ## - LOCAL SUBJECT ADDED ENTRY--TOPICAL TERM (OCLC, RLIN)
Topical term or geographic name as entry element PROPERTY-COMMERCIAL PROPERTY-RETAIL PROPERTY-OUT OF TOWN RETAIL PROPERTY-OUT OF TOWN RETAIL FACILITIES
942 ## - ADDED ENTRY ELEMENTS (KOHA)
Suppress in OPAC 0
Holdings
Withdrawn status Lost status Source of classification or shelving scheme Damaged status Not for loan Home library Current library Shelving location Date acquired Total Checkouts Full call number Barcode Date last seen Copy number Price effective from Koha item type
    Dewey Decimal Classification     London London Journal article 04/09/2008   L145060 145060-1001 06/08/2019 1 06/08/2019 Journal article